000 00662nam a22001697a 4500
999 _c10102
_d10102
008 180801b ||||| |||| 00| 0 eng d
082 _22017
_aUT 0975
_bL28
100 _929831
_aLaniohan, Rijen Mae S.
245 _aSyntactic Analysis of the manobo language :
_bexploring written language /
_cRijen Mae S. Laniohan, Shennafe T. Macarandan, Sherlyn E. Salminang
260 _aDigos City :
_bUMDC
_cNovember 2017
300 _a72 pages ;
_b29 cm.
650 0 _929832
_aEducation
_vEnglish
_xUndergraduate thesis.
700 _929833
_aLaniohan, Rijen Mae S
700 _929834
_aMacarandan, Shennafe T.
700 _929835
_aSalminang, Sherlyn E.
942 _2ddc
_cUT